Most Streamed Albums of All Time on Spotify - Statistics

General Stats
  • This quiz has been taken 51 times
  • The average score is 6 of 20
Answer Stats
Streams Artist Answer % Correct
16,894,939,865 Olivia Rodrigo SOUR
73%
17,950,781,943 Ed Sheeran divide
59%
16,050,684,627 The Weeknd After Hours
46%
18,919,329,386 The Weeknd Starboy
46%
15,095,567,237 Dua Lipa Future Nostalgia
44%
13,180,256,366 SZA SOS
44%
13,675,637,442 Billie Eilish WHEN WE ALL FALL ASLEEP, WHERE DO WE GO?
44%
15,018,225,636 Dua Lipa Dua Lipa
37%
14,329,546,807 Taylor Swift Lover
34%
22,690,868,169 Bad Bunny Un Verano Sin Ti
32%
14,156,074,101 Arctic Monkeys AM
29%
13,152,134,346 Post Malone beerbongs & bentleys
24%
15,337,238,127 Post Malone Hollywood's Bleeding
22%
12,793,840,463 Justin Bieber Purpose
20%
12,905,686,434 XXXTENTACION question mark
17%
12,676,125,078 Ed Sheeran times
15%
12,485,600,768 Billie Eilish dont smile at me
10%
15,944,852,937 SZA SOS Deluxe: LANA
7%
36,043,139,069 Ed Sheeran plus minus equal divide times
2%
16,700,512,542 Dua Lipa Turnê Radical Optimism Brasil
0%
No matching quizzes found
Score Distribution
Percent of People with Each Score
Percentile by Number Answered
Your Score History
You have not taken this quiz